MANAGEMENT (Record no. 9069)

MARC details
000 -LEADER
fixed length control field 00424nam a22001697a 4500
003 - CONTROL NUMBER IDENTIFIER
control field SGT
020 ## - INTERNATIONAL STANDARD BOOK NUMBER
International Standard Book Number 9788131727201
082 ## - DEWEY DECIMAL CLASSIFICATION NUMBER
Classification number 658, ROB
100 ## - MAIN ENTRY--PERSONAL NAME
Personal name ROBBINS P.STEPHEN
245 ## - TITLE STATEMENT
Title MANAGEMENT
250 ## - EDITION STATEMENT
Edition statement 10TH
260 ## - PUBLICATION, DISTRIBUTION, ETC. (IMPRINT)
Place of publication, distribution, etc NEW DELHI
Name of publisher, distributor, etc PEARSON
Year of Publication 2010
300 ## - PAGE DESCRIPTION
No. of Pages 545
650 ## - SUBJECT ADDED ENTRY--TOPICAL TERM
Topical term or geographic name as entry element MANAGEMENT
653 ## - KEYWORDS--INDEX TERM
Keyword term Defining the Manager’s Terrain, Planning, Organizing, Leading, Controlling
942 ## - ADDED ENTRY ELEMENTS (KOHA)
Source of classification or shelving scheme Dewey Decimal Classification
Koha item type FCM Books
942 ## - ADDED ENTRY ELEMENTS (KOHA)
-- 4
Holdings
Withdrawn status Lost status Source of classification or shelving scheme Damaged status Not for loan Home library Current library Shelving location Date acquired Vendor Name Cost, normal purchase price SGTU Bill Number Total Checkouts Full call number Accession No. (Barcode) Date last seen Date last borrowed Bill Date Koha item type
    Dewey Decimal Classification     SGT Science & Social Sciences Library SGT Science & Social Sciences Library Text Book 16/06/2016 KIRTI PRAKASHAN 750.00 SGTU 3149 13 658, ROB cm1150 10/01/2025 27/12/2024 19/10/2015 FCM Books
    Dewey Decimal Classification     SGT Science & Social Sciences Library SGT Science & Social Sciences Library Text Book 16/06/2016 KIRTI PRAKASHAN 750.00 SGTU 3149 6 658, ROB cm1151 25/01/2023 09/01/2023 19/10/2015 FCM Books
    Dewey Decimal Classification   Not For Loan SGT Science & Social Sciences Library SGT Science & Social Sciences Library Reference Book 16/06/2016 KIRTI PRAKASHAN 750.00 SGTU 3149   658, ROB cm1152 16/06/2016   19/10/2015 FCM Books